| 000 -LEADER |
| fixed length control field |
00439nam a22001577a 4500 |
| 008 - FIXED-LENGTH DATA ELEMENTS--GENERAL INFORMATION |
| fixed length control field |
140115b xxu||||| |||| 00| 0 alb d |
| 020 ## - INTERNATIONAL STANDARD BOOK NUMBER |
| Linkage |
9992751231 |
| 080 ## - UNIVERSAL DECIMAL CLASSIFICATION NUMBER |
| Universal Decimal Classification number |
341.1/.8 |
| 100 ## - Rafti |
| Rafti |
Puto, Arben |
| 245 ## - TITLE STATEMENT |
| Title |
E drejta ndërkombëtare publike : |
| Statement of responsibility, etc |
Arben Puto |
| 250 ## - |
| -- |
Botimi i 7 |
| 260 ## - |
| -- |
Tiranë : |
| -- |
Albin, |
| -- |
2002 |
| 300 ## - |
| -- |
552 f. ; |
| -- |
23 cm. |
| 650 #0 - |
| -- |
E drejta ndërkombëtare |
| 942 ## - ADDED ENTRY ELEMENTS (KOHA) |
| Source of classification or shelving scheme |
|
| Item type |
Books |